00830nam a2200205 a 450000100100000000500170001000800410002704000250006808200160009311000650010924500460017426000590022030000290027949000250030883000310033304900090036495201140037395201200048799900170060700003401120200930070711.0110921s1980 dr 000 0 spa d aDO-SdBNPbspacBNPHU axxxxbR426e1 aRepública Dominicana.bBallet Folklorico Dominicano95945610a¿Que es el Ballet Folklorico Dominicano? aSanto Domingo :bServicios Gráficos Diversos,c1980. a45 p. ; :bil. ;c22 cm.1 aPublicacionesvno. 2 0aPublicacionesvno. 297786 aBNPD 0010718PDaPDbPDcHDd2011-09-21iLF1l0oxxxx R426ep34011-10r2020-06-25w2020-06-25yLFPDZNo se presta 0010718PDaPDbPDcCTd2011-09-21iLF1l0oxxxx R426ep34011-20r2020-06-25te. 2w2020-06-25yLFPDZNo se presta c33502d33502